Messenger gods of battle : (Record no. 68231)

000 -LEADER
fixed length control field 00879pam a2200265 a 4500
001 - CONTROL NUMBER
control field 3886686
003 - CONTROL NUMBER IDENTIFIER
control field NUST - PNEC
005 - DATE AND TIME OF LATEST TRANSACTION
control field 20170116181045.0
008 - FIXED-LENGTH DATA ELEMENTS--GENERAL INFORMATION
fixed length control field 900510s1991 enka b 001 0 eng
010 ## - LIBRARY OF CONGRESS CONTROL NUMBER
LC control number 90002090
020 ## - INTERNATIONAL STANDARD BOOK NUMBER
International Standard Book Number 0080358292
040 ## - CATALOGING SOURCE
Original cataloging agency DLC
Transcribing agency LIBRARY
Modifying agency DLC
050 00 - LIBRARY OF CONGRESS CALL NUMBER
Classification number UG485
Item number .D48 1990
082 00 - DEWEY DECIMAL CLASSIFICATION NUMBER
Classification number 623.04309 DEV
100 1# - MAIN ENTRY--PERSONAL NAME
Personal name Devereux, Tony.
245 10 - TITLE STATEMENT
Title Messenger gods of battle :
Remainder of title radio, radar, sonar, the story of electronics in war /
Statement of responsibility, etc. Tony Devereux.
250 ## - EDITION STATEMENT
Edition statement 1st ed.
260 ## - PUBLICATION, DISTRIBUTION, ETC.
Place of publication, distribution, etc. London ;
-- Washington :
Name of publisher, distributor, etc. Brassey's (UK),
Date of publication, distribution, etc. 1991.
300 ## - PHYSICAL DESCRIPTION
Extent xx, 322 p. :
Other physical details ill. ;
Dimensions 24 cm.
504 ## - BIBLIOGRAPHY, ETC. NOTE
Bibliography, etc. note Includes bibliographical references (p. 300-309) and index.
650 #0 - SUBJECT ADDED ENTRY--TOPICAL TERM
Topical term or geographic name entry element Electronics in military engineering
General subdivision EL
906 ## - LOCAL DATA ELEMENT F, LDF (RLIN)
a 7
b cbc
c orignew
d 1
e ocip
f 19
g y-gencatlg
942 ## - ADDED ENTRY ELEMENTS (KOHA)
Source of classification or shelving scheme
Koha item type Book
Holdings
Withdrawn status Lost status Source of classification or shelving scheme Damaged status Not for loan Permanent Location Current Location Shelving location Date acquired Total Checkouts Full call number Barcode Date last seen Price effective from Koha item type
          Pakistan Navy Engineering College (PNEC) Pakistan Navy Engineering College (PNEC)       623.04309 DEV PNECLIB-016281 09/23/2015   Book
© 2023 Central Library, National University of Sciences and Technology. All Rights Reserved.